Hiện trạng hệ thống trồng trọt-chăn nuôi vùng đồng bằng sông Cửu Long năm 1990
Nội dung đề tài nêu lên hiệu quả, trở ngại và biên pháp khắc phục của hệ thống phức hợp trồng trọt và chăn nuôi.
Gardado en:
| Autor Principal: | |
|---|---|
| Formato: | Libro |
| Idioma: | Undetermined |
| Publicado: |
Cần Thơ
Trường Đại học Cần Thơ
1990
|
| Những chủ đề: | |
| Các nhãn: |
Engadir etiqueta
Sen Etiquetas, Sexa o primeiro en etiquetar este rexistro!
|
| Thư viện lưu trữ: | Trung tâm Học liệu Trường Đại học Cần Thơ |
|---|
| LEADER | 00920nam a2200193Ia 4500 | ||
|---|---|---|---|
| 001 | CTU_206618 | ||
| 008 | 210402s9999 xx 000 0 und d | ||
| 082 | |a 630 | ||
| 082 | |b Th107 | ||
| 100 | |a Võ, Công Thành | ||
| 245 | 0 | |a Hiện trạng hệ thống trồng trọt-chăn nuôi vùng đồng bằng sông Cửu Long năm 1990 | |
| 245 | 0 | |c Võ, Công Thành ; Võ Tòng Xuân, Nguyễn Văn Sánh, Trần Kim Tính (Hướng dẫn) | |
| 260 | |a Cần Thơ | ||
| 260 | |b Trường Đại học Cần Thơ | ||
| 260 | |c 1990 | ||
| 520 | |a Nội dung đề tài nêu lên hiệu quả, trở ngại và biên pháp khắc phục của hệ thống phức hợp trồng trọt và chăn nuôi. | ||
| 650 | |a Hệ thống canh tác,Cropping systems | ||
| 904 | |i Tuyến | ||
| 980 | |a Trung tâm Học liệu Trường Đại học Cần Thơ | ||